000 00500cab a2200205 4500
001 X3182
008 090401t1996 xxu||||| |||| 00| 0 eng d
035 _a(Sirsi) u29004
041 _aeng
100 _aJonah, S.E.
245 _aSurveying in Ghana`s booming goldfields
260 _c1996
350 _a0
490 _aSurveying World
_v4(3) March/April 1996, 20-23(4)
650 _aAUTOMATION
650 _aGOLDMINING
690 _aMINING AND MINERALS
942 _n0
948 _c04/03/1997
999 _c19520
_d19520